Report of the 1990 household socio - economic survey Southern region

Guardado en:
Detalles Bibliográficos
Formato: Libro
Lenguaje:inglés
tailandés
Publicado: Bangkok National Statistical Office [1990]
Materias:
Etiquetas: Agregar Etiqueta
Sin Etiquetas, Sea el primero en etiquetar este registro!

MARC

LEADER 00000nam a2200000 4500
001 c101030
005 20221123135753.6
041 0 |a eng 
041 0 |a tha 
044 |a TH 
245 1 0 |a Report of the 1990 household socio - economic survey  |b Southern region 
264 1 |a Bangkok  |b National Statistical Office  |c [1990] 
300 |a 139 s. 
610 2 0 |a údaje štatistické 
610 2 0 |a ukazovatele štatistické 
610 2 0 |a Thajsko 
610 2 0 |a ukazovatele ekonomické 
610 2 0 |a ukazovatele sociálne 
610 2 0 |a 1990